Jornada Tècnica sobre Jardineria Municipal : tractament dels espais públics : comunicacions presentades el dia 8 de novembre al Castell de Montesquiu (Ripollès) tractament dels espais públics :
Descripción Física:
23 p.: il. ; 30 cm
Materias:
Jardineria -- Congressos
MARC
| LEADER | 00000nam a2200000Ia 4500 | ||
|---|---|---|---|
| 001 | 1886 | ||
| 008 | 160829s1985 xx 000 0 cat d | ||
| 080 | |a FU-18-17 | ||
| 111 | 2 | |a Jornada Tècnica sobre Jardineria Municipal |n (2a : |d 1985 : |c Castell de Montesquiu, Catalunya) |9 55731 | |
| 245 | |a Jornada Tècnica sobre Jardineria Municipal : |b tractament dels espais públics : |b comunicacions presentades el dia 8 de novembre al Castell de Montesquiu (Ripollès) | ||
| 260 | |a Barcelona : |b Diputació de Barcelona, Servei de Parcs Naturals, |c 1985 | ||
| 300 | |a 23 p.: |b il. ; |c 30 cm | ||
| 650 | |a Jardineria |x Congressos |9 32132 | ||
| 710 | |a Barcelona (Catalunya : Província). |b Servei de Parcs Naturals |9 53492 | ||
| 901 | |a Arxiu | ||
| 942 | |n 1 | ||
| 952 | |0 0 |1 0 |4 0 |6 FU1817 |7 1 |9 43318 |a Arxiu |b Arxiu |d 2016-12-01 |l 0 |o FU-18-17 |p 1886 |r 2016-12-01 00:00:00 |w 2016-12-01 |y ARXIU | ||
| 999 | |c 45863 |d 45863 | ||